[Event "Carignano Mo Memorial 5th"]
[Site "Carignano"]
[Date "2010.05.08"]
[Round "2"]
[White "Araniti, Michelangelo"]
[Black "Dalmasso, Emanuele"]
[Result "1/2-1/2"]
[WhiteElo "1779"]
[BlackElo "1506"]
[PlyCount "85"]
[EventDate "2010.05.07"]
[EventType "swiss"]
[EventRounds "5"]
[EventCountry "ITA"]
[SourceTitle "EXT 2024"]
[Source "ChessBase"]
[SourceDate "2023.10.10"]
[SourceVersion "1"]
[SourceVersionDate "2023.10.10"]
[SourceQuality "1"]

1. Nf3 Nc6 2. e4 d6 3. h3 e5 4. d4 exd4 5. Nxd4 Nxd4 6. Qxd4 Qf6 7. Qd3 Ne7 8. Nc3 g6 9. Be3 Bg7 10. h4 h5 11. 0-0-0 Bd7 12. Kb1 Bc6 13. Be2 a6 14. Bd4 Qxd4 15. Qxd4 Bxd4 16. Rxd4 0-0-0 17. Bc4 f5 18. Nd5 Nxd5 19. exd5 Bd7 20. Kc1 Rde8 21. Kd2 Rh7 22. Re1 Rxe1 23. Kxe1 Re7+ 24. Kd2 Bb5 25. Bxb5 axb5 26. f3 Re5 27. b3 Kd7 28. c4 bxc4 29. bxc4 Re8 30. g4 Ra8 31. gxh5 Rxa2+ 32. Ke3 Ra3+ 33. Kf4 gxh5 34. Kxf5 Rxf3+ 35. Kg5 Ke7 36. Kxh5 Rg3 37. Rg4 Rxg4 38. Kxg4 c5 39. dxc6 bxc6 40. Kf5 Kf7 41. h5 d5 42. cxd5 cxd5 43. Ke5 1/2-1/2

[Event "Carignano Mo Memorial 5th"]
[Site "Carignano"]
[Date "2010.05.07"]
[Round "1"]
[White "Gromovs, Sergejs"]
[Black "Araniti, Michelangelo"]
[Result "1-0"]
[WhiteElo "2319"]
[BlackElo "1779"]
[PlyCount "51"]
[EventDate "2010.05.07"]
[EventType "swiss"]
[EventRounds "5"]
[EventCountry "ITA"]
[SourceTitle "EXT 2024"]
[Source "ChessBase"]
[SourceDate "2023.10.10"]
[SourceVersion "1"]
[SourceVersionDate "2023.10.10"]
[SourceQuality "1"]

1. d4 e6 2. c4 d5 3. Nc3 Nf6 4. Nf3 Be7 5. Bf4 c6 6. e3 b6 7. Qc2 Bb7 8. a3 Nbd7 9. h3 h6 10. Bd3 Rc8 11. 0-0 g5 12. Bg3 g4 13. hxg4 Nxg4 14. e4 h5 15. exd5 cxd5 16. cxd5 Bxd5 17. Ba6 h4 18. Bxc8 Qxc8 19. Bf4 h3 20. Rfc1 hxg2 21. Nxd5 Qxc2 22. Rxc2 Rh1+ 23. Kxg2 Rxa1 24. Rc8+ Bd8 25. Nb4 Ngf6 26. Ra8 1-0

[Event "Savigliano 6th"]
[Site "Savigliano"]
[Date "2007.06.03"]
[Round "5"]
[White "Abbura, Davide"]
[Black "Araniti, Michelangelo"]
[Result "1/2-1/2"]
[WhiteElo "1683"]
[BlackElo "1869"]
[PlyCount "56"]
[EventDate "2007.05.31"]
[EventType "swiss"]
[EventRounds "6"]
[EventCountry "ITA"]
[SourceTitle "EXT 2009"]
[Source "ChessBase"]
[SourceDate "2008.11.26"]
[SourceVersion "1"]
[SourceVersionDate "2008.11.26"]
[SourceQuality "1"]

1. e4 e6 2. d4 d5 3. e5 c5 4. c3 Nc6 5. Nf3 Nge7 6. Be2 Ng6 7. 0-0 Be7 8. Re1 0-0 9. b3 Bd7 10. Na3 a6 11. Nc2 b5 12. Ba3 Qb6 13. b4 cxb4 14. cxb4 Rfc8 15. Rc1 Rc7 16. Qd2 Rac8 17. Bb2 Nb8 18. a3 Qb7 19. Bd3 Be8 20. Na1 Nd7 21. Rxc7 Rxc7 22. Nb3 Nb6 23. Nc5 Qa7 24. g3 Nc4 25. Bxc4 bxc4 26. h4 Nf8 27. h5 Nd7 28. Ng5 Nxc5 1/2-1/2

[Event "Savigliano 6th"]
[Site "Savigliano"]
[Date "2007.06.02"]
[Round "4"]
[White "Araniti, Michelangelo"]
[Black "Blengino, Luca"]
[Result "0-1"]
[WhiteElo "1869"]
[BlackElo "1854"]
[PlyCount "86"]
[EventDate "2007.05.31"]
[EventType "swiss"]
[EventRounds "6"]
[EventCountry "ITA"]
[SourceTitle "EXT 2009"]
[Source "ChessBase"]
[SourceDate "2008.11.26"]
[SourceVersion "1"]
[SourceVersionDate "2008.11.26"]
[SourceQuality "1"]

1. Nf3 Nf6 2. d4 g6 3. c4 Bg7 4. Nc3 d6 5. e4 0-0 6. h3 e5 7. d5 h5 8. Bg5 Qe8 9. Qd2 Nbd7 10. Bd3 Nh7 11. Bh6 Nc5 12. Bc2 a5 13. Be3 b6 14. Bxc5 bxc5 15. a4 Nf6 16. Nb5 Qd7 17. 0-0-0 Kh7 18. Ng5+ Kg8 19. Nf3 Nh7 20. Rdf1 f5 21. Nh4 fxe4 22. Nxg6 Rf6 23. Bxe4 Qf7 24. Qc2 Ng5 25. Nh4 Nxe4 26. Qxe4 Rf4 27. f3 Rxe4 28. fxe4 Bh6+ 29. Kb1 Qh7 30. Nf5 Bf4 31. g4 Bd7 32. b3 Bxb5 33. cxb5 Rb8 34. Kc2 Kf7 35. g5 Kg6 36. Nh4+ Kxg5 37. Nf3+ Kh6 38. Kd3 Rg8 39. Rhg1 Rg3 40. h4 Qg6 41. Rxg3 Qxg3 42. Ke2 Qg6 43. Kd3 Qg2 0-1